| 000 | 00612nam a2200241Ia 4500 | ||
|---|---|---|---|
| 003 | OSt | ||
| 005 | 20221005133434.0 | ||
| 006 | a|||||r|||| 00| 0 | ||
| 007 | ta | ||
| 008 | 221004b |||||||| |||| 00| 0 eng d | ||
| 024 | _a61506 | ||
| 037 | _cTextual | ||
| 040 |
_aCRL _cCRL _beng |
||
| 041 |
_2eng _aeng |
||
| 082 | _aV1:1:N5, K41 | ||
| 100 |
_aSnyder Louis L _998465 |
||
| 245 | 0 | _aWorld in the twentieth century | |
| 260 | _c1964 | ||
| 490 | _aAnvil books : Modern history,4. | ||
| 650 | _aHISTORY | ||
| 942 |
_hV1:1:N5, K41 _cTEXL _2cc |
||
| 999 |
_c1066843 _d1066843 |
||